MARC details
| 000 -LEADER |
| campo de control de longitud fija |
02091nam a2200469 i 4500 |
| 001 - NÚMERO DE CONTROL |
| campo de control |
196148 |
| 003 - IDENTIFICADOR DE NÚMERO DE CONTROL |
| campo de control |
ES-MaACL |
| 005 - FECHA Y HORA DE LA ÚLTIMA TRANSACCIÓN |
| campo de control |
20250826062534.0 |
| 008 - DATOS DE LONGITUD FIJA--INFORMACIÓN GENERAL |
| campo de control de longitud fija |
240816s2020 sp a | |||| 100 0 spa |
| 015 ## - NÚMERO DE BIBLIOGRAFÍA NACIONAL |
| Número de bibliografía nacional |
MON22 |
| 017 ## - NÚMERO DE COPYRIGHT O DE DEPÓSITO LEGAL |
| Número de copyright o de depósito legal |
M 25244-2020 |
| Agencia que asigna |
Oficina Depósito Legal Madrid |
| 020 ## - NÚMERO INTERNACIONAL ESTÁNDAR DEL LIBRO |
| Número Internacional Estándar del Libro |
9788494049163 |
| 035 ## - NÚMERO DE CONTROL DEL SISTEMA |
| Número de control de sistema |
(SpMaBN)a7131986 |
| 035 ## - NÚMERO DE CONTROL DEL SISTEMA |
| Número de control de sistema |
991043510489708606 |
| 040 ## - FUENTE DE CATALOGACIÓN |
| Centro catalogador/agencia de origen |
SpMaBN |
| Lengua de catalogación |
spa |
| Centro/agencia transcriptor |
ES-MaACL |
| 041 0# - CÓDIGO DE IDIOMA |
| Código de lengua del sumario o resumen |
spa |
| -- |
eng |
| 080 ## - NÚMERO DE LA CLASIFICACIÓN DECIMAL UNIVERSAL |
| Número de la Clasificación Decimal Universal |
821.134.2 Pérez Galdós, Benito 1.07 |
| 245 00 - MENCIÓN DEL TÍTULO |
| Título |
2020 año galdosiano, madrileño y novelesco / |
| Mención de responsabilidad, etc. |
Pedro Montoliú Camps [y otros siete]. |
| 264 #1 - PRODUCCIÓN, PUBLICACIÓN, DISTRIBUCIÓN, FABRICACIÓN Y COPYRIGHT |
| Producción, publicación, distribución, fabricación y copyright |
Madrid : |
| Nombre del de productor, editor, distribuidor, fabricante |
Instituto de Estudios Madrileños, |
| Fecha de producción, publicación, distribución, fabricación o copyright |
2020. |
| 264 #4 - PRODUCCIÓN, PUBLICACIÓN, DISTRIBUCIÓN, FABRICACIÓN Y COPYRIGHT |
| Fecha de producción, publicación, distribución, fabricación o copyright |
©2020 |
| 300 ## - DESCRIPCIÓN FÍSICA |
| Extensión |
222 páginas : |
| Otras características físicas |
ilustraciones (blanco y negro) ; |
| Dimensiones |
24 cm. |
| 336 ## - TIPO DE CONTENIDO |
| Término de tipo de contenido |
Texto |
| Fuente |
rdacontent |
| 337 ## - TIPO DE MEDIO |
| Nombre/término del tipo de medio |
sin mediación |
| Fuente |
rdamedia |
| 338 ## - TIPO DE SOPORTE |
| Nombre/término del tipo de soporte |
volumen |
| Fuente |
rdacarrier |
| 490 1# - MENCIÓN DE SERIE |
| Mención de serie |
Biblioteca de Estudios Madrileños ; |
| Designación de volumen o secuencia |
LII |
| 500 ## - NOTA GENERAL |
| Nota general |
"Ciclo de conferencias"--Cubierta |
| 504 ## - NOTA DE BIBLIOGRAFÍA, ETC. |
| Nota de bibliografía, etc. |
Incluye referencias bibliográficas |
| 530 ## - NOTA DISPONIBLE DE FORMULARIO FÍSICO ADICIONAL |
| Nota de formato físico adicional disponible |
Versión digital disponible en: https://institutoestudiosmadrileños.es/wp-content/uploads/2021/04/IEM-Galdo%CC%81s-internet.pdf |
| 546 ## - NOTA DE IDIOMA |
| Nota de lengua/lenguaje |
Textos en español; resumen en español e inglés |
| 600 14 - PUNTO DE ACCESO ADICIONAL DE MATERIA--NOMBRE DE PERSONA |
| Nombre de persona |
Pérez Galdós, Benito, |
| Fechas asociadas al nombre |
1843-1920- |
| Subdivisión general |
Crítica e interpretación |
| Fuente del encabezamiento o término |
embne |
| 9 (RLIN) |
90875 |
| 655 #0 - TERMINO DE INDIZACIÓN--GENERO/FORMA |
| Datos o término principal de género/forma |
Conferencias |
| 9 (RLIN) |
234444 |
| 700 1# - ENTRADA AGREGADA--NOMBRE PERSONAL |
| Nombre de persona |
Montoliú Camps, Pedro, |
| Fechas asociadas al nombre |
1954- |
| Término indicativo de función/relación |
Autor |
| 9 (RLIN) |
82680 |
| 700 1# - ENTRADA AGREGADA--NOMBRE PERSONAL |
| Nombre de persona |
Huertas Vázquez, Eduardo |
| Término indicativo de función/relación |
Autor |
| 9 (RLIN) |
64577 |
| 830 #0 - PUNTO DE ACCESO ADICIONAL DE SERIE-TÍTULO UNIFORME |
| Título uniforme |
Biblioteca de Estudios Madrileños ; |
| 9 (RLIN) |
185680 |
| Designación de volumen o secuencia |
LII |
| 852 ## - LOCALIZACIÓN |
| Ubicación |
ES-MaACL |
| Sublocalización o colección |
R.153557 |
| Ubicación en estantería |
Depósito J |
| Número de control de estantería |
N-9215 |
| Donativo/Legado |
Donación: Eduardo Huertas Vázquez |
| Encuadernación |
Encuadernación rústica |
| itemnumber |
205164 |
| 856 4# - LOCALIZACIÓN Y ACCESO ELECTRÓNICOS |
| Estado de acceso |
Accesible el 30/04/2025 |
| Identificador Uniforme de Recursos |
<a href="https://institutoestudiosmadrileños.es/wp-content/uploads/2021/04/IEM-Galdo%CC%81s-internet.pdf">https://institutoestudiosmadrileños.es/wp-content/uploads/2021/04/IEM-Galdo%CC%81s-internet.pdf</a> |
| Texto de enlace |
Instituto de Estudios Madrileños |
| 903 ## - NOMBRE PERSONAL DE DONANTE |
| a |
Huertas Vázquez, Eduardo |
| e |
Donante |
| 9 |
64577 |
| 942 ## - ELEMENTOS DE ENTRADA SECUNDARIOS (KOHA) |
| Tipo de ítem Koha |
Libro impreso |
| Suprimir en OPAC |
No |